000 01693nam a22002177a 4500
999 _c63740
_d63740
003 Ge_BSU
005 20251218183250.0
008 251218s2021 ge ||||| |||| 00| 0 geo d
020 _a9789941330643
041 _ageo
080 _a327(5) თ-25
100 _aთალიბოვი, რზა
_925801
245 _aაზიის ქვეყნები საერთაშორისო ურთიერთობათა სისტემაში :
_bსახელმძღვანელო უმაღლესი სასწავლებლებისთვის : დამტკიცებულია აზერბაიჯანის რესპუბლიკის განათლების სამინისტროს მიერ 2015 წლის 24 აპრილის N 459 ბრძანებით) /
_c რზა თალიბოვი; წიგნი რუსული ენიდან ქართულ ენაზე თარგმნა ჭაბუკი ქირიამ; სამეცნიერო რედაქტორი აგალარ აბასბეილი.
264 _aთბილისი :
_bუნივერსალი,
_c2021.
300 _a320 გვ. ;
_b20 სმ.
504 _aბიბლიოგრაფია: გვ. 316-320.
653 _aსაერთაშორისო ურთიერთობები
700 _aქირია, ჭაბუკი
_e მთარგმნელი
_914567
700 _aაბასბეილი, აგალარ
_eსამეცნიერო რედაქტორი.
_925802
942 _2udc
_cᲬᲘᲒᲜᲘ